[Event "TCh-ESP"]
[Site "Lanzarote ESP"]
[Date "2003.05.10"]
[Round "5"]
[White "Corral Blanco,J"]
[Black "Arizmendi Martinez,J"]
[Result "0-1"]
[WhiteElo "2456"]
[BlackElo "2516"]
[EventDate "2003.05.06"]

1. Nf3 Nf6 2. c4 g6 3. Nc3 Bg7 4. d4 O-O 5. e4 d6 6. Be2 Na6 7. O-O e5 8.
Be3 Ng4 9. Bg5 Qe8 10. h3 f6 11. Bc1 Nh6 12. dxe5 dxe5 13. b3 c6 14. Ba3
Rf7 15. Qc2 Bf8 16. Bxf8 Rxf8 17. a3 Nc5 18. Rad1 Nf7 19. b4 Ne6 20. Rfe1
Qe7 21. Na4 Kg7 22. Qc3 Nfg5 23. Nxg5 Nxg5 24. Qe3 Ne6 25. Nc5 Nd4 26. Rc1
a5 27. Qc3 b6 28. Nd3 axb4 29. axb4 Ra2 30. Bf1 Be6 31. f4 Bxh3 32. fxe5
fxe5 33. Nxe5 Rxf1+ 34. Rxf1 Ne2+ 35. Kh2 Nxc3 36. Rf7+ Qxf7 37. Nxf7 Kxf7
38. Rxc3 Bxg2 0-1

[Event "TCh-ESP"]
[Site "Lanzarote ESP"]
[Date "2003.05.10"]
[Round "5"]
[White "Rodriguez,Or"]
[Black "San Segundo Carrillo,P"]
[Result "0-1"]
[WhiteElo "2464"]
[BlackElo "2515"]
[EventDate "2003.05.06"]

1. d4 Nf6 2. c4 e6 3. Nc3 Bb4 4. e3 O-O 5. Nge2 Re8 6. a3 Bf8 7. Ng3 d5 8.
Qc2 Nbd7 9. cxd5 exd5 10. Be2 b6 11. O-O Bb7 12. Rd1 g6 13. Bf3 h5 14. h3
h4 15. Nge2 Ne4 16. Nf4 Ndf6 17. Bd2 Qd7 18. Be1 a6 19. Rac1 Kg7 20. a4
Rad8 21. a5 b5 22. Nd3 Qf5 23. Ne5 c5 24. Na2 Bd6 25. Bg4 Nxg4 26. hxg4 Qe6
27. f3 Ng3 28. Nc3 cxd4 29. exd4 Bxe5 30. dxe5 d4 31. Ne2 Qxe5 32. Nxd4
Rxd4 0-1

[Event "TCh-ESP"]
[Site "Lanzarote ESP"]
[Date "2003.05.10"]
[Round "5"]
[White "Fernandez Garcia,Jo"]
[Black "Martin Gonzalez,An"]
[Result "1/2-1/2"]
[WhiteElo "2452"]
[BlackElo "2414"]
[EventDate "2003.05.06"]

1. e4 c5 2. Nf3 d6 3. d4 cxd4 4. Nxd4 Nf6 5. Nc3 g6 6. Be3 Bg7 7. f3 Nc6 8.
Qd2 O-O 9. O-O-O Nxd4 10. Bxd4 Be6 11. Kb1 Qc7 12. g4 Rfc8 13. h4 Qa5 14.
a3 Rab8 15. h5 b5 16. h6 b4 17. axb4 Rxb4 18. hxg7 Rxb2+ 19. Kxb2 Qb4+ 20.
Kc1 Qa3+ 21. Kb1 Qb4+ 1/2-1/2

[Event "TCh-ESP"]
[Site "Lanzarote ESP"]
[Date "2003.05.10"]
[Round "5"]
[White "Vassallo,M"]
[Black "Garcia Padron,Jo"]
[Result "0-1"]
[WhiteElo "2440"]
[BlackElo "2421"]
[EventDate "2003.05.06"]

1. Nf3 Nf6 2. c4 e6 3. g3 b6 4. Bg2 Bb7 5. O-O Be7 6. Nc3 O-O 7. Re1 d5 8.
cxd5 exd5 9. d4 c5 10. Bf4 Na6 11. Rc1 Re8 12. a3 h6 13. dxc5 bxc5 14. Qb3
Qb6 15. Qa2 Bf8 16. e4 d4 17. Nd5 Qe6 18. Nxf6+ Qxf6 19. e5 Qb6 20. h4 Nc7
21. b4 cxb4 22. axb4 Ne6 23. Bd2 Rad8 24. Qa4 Bd5 25. Red1 Qb7 26. Ne1 Bxg2
27. Nxg2 d3 28. Be3 Qxb4 29. Qxa7 Qe4 30. Ne1 Nd4 31. Bxd4 Rxd4 32. Rb1 d2
33. Nf3 Rd3 34. Nh2 Rxe5 35. Nf1 Qe2 36. Qa2 Red5 37. Qc2 g6 38. Rb2 Bc5
39. Rb8+ Kh7 40. Rb3 Qxf2+ 0-1

[Event "TCh-ESP"]
[Site "Lanzarote ESP"]
[Date "2003.05.10"]
[Round "5"]
[White "Bellon Lopez,JuM"]
[Black "Fernandez Romero,Ern"]
[Result "1-0"]
[WhiteElo "2422"]
[BlackElo "2413"]
[EventDate "2003.05.06"]

1. d4 Nf6 2. c4 g6 3. Nc3 d5 4. f3 Bg7 5. e4 dxe4 6. fxe4 O-O 7. Nf3 c5 8.
d5 Nbd7 9. Be2 Ng4 10. Bf4 Nge5 11. Nd2 a6 12. O-O h6 13. h3 g5 14. Bh2 Ng6
15. Bh5 Nde5 16. Qe2 b5 17. a4 Nxc4 18. Nxc4 bxc4 19. Bxg6 fxg6 20. e5 Bf5
21. Qxc4 Qb6 22. d6+ e6 23. Rf2 Qb4 24. Qxb4 cxb4 25. Ne2 Rfc8 26. Nd4 h5
27. Rd1 Rc4 28. b3 Rc3 29. d7 g4 30. Nxf5 gxf5 31. d8=Q+ Rxd8 32. Rxd8+ Bf8
33. hxg4 hxg4 34. Bf4 Kf7 35. Rfd2 1-0

[Event "TCh-ESP"]
[Site "Lanzarote ESP"]
[Date "2003.05.10"]
[Round "5"]
[White "Franco Ocampos,Z"]
[Black "Granados Gomez,M"]
[Result "1/2-1/2"]
[WhiteElo "2523"]
[BlackElo "2417"]
[EventDate "2003.05.06"]

1. Nf3 d5 2. d4 Nf6 3. c4 c6 4. Nc3 dxc4 5. a4 Bf5 6. e3 e6 7. Bxc4 Bb4 8.
O-O O-O 9. Nh4 Bg4 10. f3 Bh5 11. g4 Nd5 12. Qe1 Bg6 13. Nxg6 hxg6 14. Bd2
c5 15. Nxd5 Bxd2 16. Qxd2 exd5 17. Ba2 cxd4 18. Qxd4 Nc6 19. Qxd5 Qe7 20.
Qd2 Rfd8 21. Qe2 Nb4 22. Bc4 Rd6 23. Rad1 Rad8 24. Rxd6 Rxd6 25. Rf2 Nd5
26. Bxd5 Rxd5 27. Kg2 Kh7 28. e4 Rd4 29. b3 Qd7 30. Qc2 1/2-1/2

[Event "TCh-ESP"]
[Site "Lanzarote ESP"]
[Date "2003.05.10"]
[Round "5"]
[White "Campora,D"]
[Black "Baron Rodriguez,Je"]
[Result "1-0"]
[WhiteElo "2506"]
[BlackElo "2418"]
[EventDate "2003.05.06"]

1. e4 e5 2. Nf3 Nc6 3. Nc3 Nf6 4. Bb5 Bb4 5. O-O O-O 6. d3 d6 7. Ne2 Ne7 8.
c3 Ba5 9. Ng3 Ng6 10. d4 c6 11. Bd3 Re8 12. h3 Bb6 13. Re1 h6 14. Bc2 Qc7
15. Be3 Be6 16. Qc1 Rad8 17. a4 a5 18. Nf5 d5 19. Nxg7 Kxg7 20. Bxh6+ Kg8
21. exd5 Bxd5 22. Nxe5 Nh7 23. c4 Bxd4 24. Nxg6 Qg3 25. Rxe8+ Rxe8 26. cxd5
Re2 27. Ne7+ Rxe7 28. Qd2 Qe5 29. Rd1 c5 30. Be3 Bxe3 31. Qxe3 Qxe3 32.
Bxh7+ Kxh7 33. fxe3 Rxe3 34. d6 Re8 35. d7 Rd8 36. Kf2 Kg6 37. Kf3 Kf6 38.
h4 1-0

[Event "TCh-ESP"]
[Site "Lanzarote ESP"]
[Date "2003.05.10"]
[Round "5"]
[White "De la Rocha,R"]
[Black "Candela Perez,J"]
[Result "0-1"]
[WhiteElo "2335"]
[BlackElo "2424"]
[EventDate "2003.05.06"]

1. c4 Nf6 2. g3 c6 3. Nf3 d5 4. b3 Bg4 5. Bg2 Bxf3 6. Bxf3 dxc4 7. bxc4 Qd4
8. Qb3 Nbd7 9. Bb2 Qb6 10. d4 e6 11. O-O Be7 12. Nd2 h5 13. e4 h4 14. c5
Qc7 15. Nc4 Nh7 16. Bc1 hxg3 17. hxg3 e5 18. dxe5 Nxc5 19. Qc3 O-O 20. Nd6
Ne6 21. Nf5 Bc5 22. Bb2 Rfd8 23. Rad1 Nhg5 24. Kg2 Rxd1 25. Rxd1 Rd8 26.
Qc2 Nxf3 27. Kxf3 Rxd1 28. Qxd1 Qb6 29. Qd2 Qa6 30. Ba1 Qf1 0-1

[Event "TCh-ESP"]
[Site "Lanzarote ESP"]
[Date "2003.05.10"]
[Round "5"]
[White "Jerez Perez,A"]
[Black "Reinaldo Castineira,R"]
[Result "1/2-1/2"]
[WhiteElo "2415"]
[BlackElo "2405"]
[EventDate "2003.05.06"]

1. Nf3 d6 2. d4 g6 3. g3 Bg7 4. Bg2 c5 5. O-O Nd7 6. c4 Ngf6 7. Nc3 O-O 8.
b3 a6 9. Bb2 Rb8 10. dxc5 Nxc5 11. b4 Ncd7 12. Qb3 Nb6 13. Nd5 Nbxd5 14.
cxd5 Bf5 15. Nd4 Ne4 16. Qd3 1/2-1/2

[Event "TCh-ESP"]
[Site "Lanzarote ESP"]
[Date "2003.05.10"]
[Round "5"]
[White "Barrero Garcia,C"]
[Black "Toledano Llinares,J"]
[Result "0-1"]
[WhiteElo "2327"]
[BlackElo "2357"]
[EventDate "2003.05.06"]

1. Nf3 d6 2. d4 Bg4 3. e4 Nf6 4. h3 Bh5 5. Nc3 e6 6. g4 Bg6 7. Bg5 Be7 8.
Qe2 c6 9. Bxf6 Bxf6 10. O-O-O Nd7 11. Kb1 Qc7 12. Ne1 e5 13. d5 h5 14. Rg1
hxg4 15. hxg4 O-O-O 16. g5 Be7 17. Nd3 Rh2 18. Qe3 Qb6 19. Qg3 Rh5 20. Bh3
Rxg5 21. Qh2 Kc7 22. Bxd7 Rxd7 23. f4 Rxg1 24. Rxg1 exf4 25. dxc6 Qxc6 26.
Nd5+ Kb8 27. Qxf4 Bf6 28. Rh1 Rd8 29. N3b4 Qc5 30. Nxf6 gxf6 31. Nd5 f5 32.
Rd1 fxe4 33. b4 Qc6 34. a3 a6 35. Rd2 Qd7 36. Ne3 Qe6 37. c4 f6 38. Rd5 b6
39. a4 Kb7 40. a5 bxa5 41. b5 Qe7 42. Qh2 Bf7 43. Nf5 Qc7 44. Rxd6 Bxc4 45.
bxa6+ Ka8 46. Rxd8+ Qxd8 47. Nd6 Qb6+ 0-1

[Event "TCh-ESP"]
[Site "Lanzarote ESP"]
[Date "2003.05.10"]
[Round "5"]
[White "Ortega Hermida,D"]
[Black "Llobel Cortell,E"]
[Result "0-1"]
[WhiteElo "2362"]
[BlackElo "2389"]
[EventDate "2003.05.06"]

1. d4 Nf6 2. Nf3 g6 3. g3 Bg7 4. Bg2 O-O 5. O-O d5 6. c4 dxc4 7. Na3 c3 8.
bxc3 c5 9. e3 Nc6 10. Qe2 Bf5 11. Rd1 Qb6 12. Bb2 Rfd8 13. Nc4 Qa6 14. Bf1
Na5 15. Nce5 Qxe2 16. Bxe2 Rac8 17. Rac1 Ne4 18. Bf1 Nd6 19. g4 Be6 20. d5
Bd7 21. c4 Bxg4 22. Nxg4 Bxb2 23. Rc2 Bg7 24. Nge5 Rc7 25. Rdc1 Kf8 26. Nd3
Ne4 27. Nf4 Bh6 28. Bd3 Nf6 29. Ne5 Nd7 30. Nf3 b6 31. Ne2 Nb7 32. Nc3 Nd6
33. a4 Bg7 34. Ra2 Rb8 35. Nb5 Rcb7 36. Rb1 a6 37. Na3 h6 38. Nd2 Ne5 39.
Be2 Nd7 40. Rb3 Bf6 41. Rc2 e5 42. dxe6 fxe6 43. Rc1 Ne5 44. Rcb1 Bd8 45.
f4 Nc6 46. Bf3 Na5 47. Rd3 Rd7 48. Be2 Bc7 49. Nf3 Rg7 50. Rbd1 Ne8 51. h4
Nc6 52. Nb1 Rd8 53. Nc3 Rxd3 54. Bxd3 Nd6 55. Kf2 Nf5 56. Rh1 Rd7 57. Be2
h5 58. Ne4 e5 59. fxe5 Nxe5 60. Nxe5 Bxe5 61. a5 bxa5 62. Nxc5 Rf7 63. Ne6+
Ke7 64. Ng5 Ng3+ 65. Nxf7 Nxh1+ 66. Kg2 Kxf7 67. Kxh1 Bf6 68. Kg2 Bxh4 69.
c5 a4 70. Bxa6 Ke6 71. Kf3 Kd5 72. Bd3 g5 73. Bg6 Kxc5 74. Bxh5 a3 75. Bf7
Kd6 76. e4 Ke5 77. Bd5 Be1 78. Kg4 Bd2 79. Kf3 Bf4 80. Kg4 Bd2 81. Kf3 Bb4
82. Kg4 Be7 83. Kh5 Kd4 84. Kg6 g4 85. Kf5 g3 86. Ke6 g2 87. Kxe7 g1=Q 0-1

[Event "TCh-ESP"]
[Site "Lanzarote ESP"]
[Date "2003.05.10"]
[Round "5"]
[White "Estremera Panos,S"]
[Black "Sanz Alonso,F"]
[Result "0-1"]
[WhiteElo "2370"]
[BlackElo "2406"]
[EventDate "2003.05.06"]

1. d4 Nf6 2. c4 c5 3. d5 e6 4. Nc3 exd5 5. cxd5 d6 6. e4 g6 7. h3 Bg7 8.
Nf3 O-O 9. Bd3 Re8 10. O-O c4 11. Bc2 b5 12. Nxb5 Nxe4 13. Bxe4 Rxe4 14.
Nd2 Rh4 15. Re1 Bxh3 16. gxh3 Qd7 17. Qf3 Qxb5 18. Re7 f5 19. Qe3 Be5 20.
Rxe5 dxe5 21. Qxe5 Qd7 22. b3 Rxh3 23. bxc4 f4 24. Qxf4 Qf5 25. Ne4 Nd7 26.
Ng3 Qxf4 27. Bxf4 Rh4 28. Bc7 Rxc4 29. d6 Kf7 30. a4 a5 31. Ra3 Ke6 32.
Re3+ Kd5 33. Re7 Kc6 34. Ne4 Rxa4 35. Kg2 Rd4 36. f3 a4 37. Ng5 a3 0-1

[Event "TCh-ESP"]
[Site "Lanzarote ESP"]
[Date "2003.05.11"]
[Round "6"]
[White "Matamoros Franco,C"]
[Black "Campos Moreno,J"]
[Result "1/2-1/2"]
[WhiteElo "2472"]
[BlackElo "2480"]
[EventDate "2003.05.06"]

1. Nf3 d5 2. d4 Nf6 3. c4 e6 4. Nc3 Nbd7 5. cxd5 exd5 6. Bg5 Be7 7. e3 O-O
8. Bd3 Re8 9. O-O c6 10. Qc2 Nf8 11. h3 1/2-1/2

[Event "TCh-ESP"]
[Site "Lanzarote ESP"]
[Date "2003.05.11"]
[Round "6"]
[White "Giorgadze,G"]
[Black "Damljanovic,B"]
[Result "1/2-1/2"]
[WhiteElo "2593"]
[BlackElo "2587"]
[EventDate "2003.05.06"]

1. e4 c5 2. Nc3 Nc6 3. f4 g6 4. Nf3 Bg7 5. Bc4 e6 6. O-O Nge7 7. d3 d5 8.
Bb3 O-O 9. Qe1 Nd4 10. Nxd4 cxd4 11. Nd1 a5 12. a4 dxe4 13. dxe4 d3 14. Be3
dxc2 15. Bxc2 Nc6 16. e5 Nb4 17. Be4 f5 18. exf6 Qxf6 19. Nc3 Bd7 20. Rd1
Bc6 21. Bd4 Qe7 22. Bxg7 Kxg7 23. Qe3 Rad8 24. Bxc6 Nxc6 25. Ne4 e5 26.
Rxd8 Qxd8 27. Ng5 Qd7 28. Re1 h6 29. Nh3 exf4 30. Nxf4 Rf7 31. Ne6+ Kh7 32.
h4 Qd5 33. Qc3 Qf5 34. Kh2 Qf6 35. Qxf6 Rxf6 36. Kg3 b6 37. Nf4 Nd4 38. Nd5
Rd6 39. Re7+ Kg8 40. Ne3 Kf8 41. Rb7 Re6 42. Kf2 1/2-1/2

[Event "TCh-ESP"]
[Site "Lanzarote ESP"]
[Date "2003.05.11"]
[Round "6"]
[White "Rodriguez,Or"]
[Black "Teran Alvarez,I"]
[Result "0-1"]
[WhiteElo "2464"]
[BlackElo "2385"]
[EventDate "2003.05.06"]

1. d4 d5 2. c4 Nc6 3. Nc3 dxc4 4. e3 e5 5. Nf3 exd4 6. exd4 Bg4 7. Bxc4 Nf6
8. d5 Qe7+ 9. Be3 Bxf3 10. gxf3 Ne5 11. Bb5+ Ned7 12. O-O Qd8 13. Ne4 Nxe4
14. fxe4 Bd6 15. f4 O-O 16. Rc1 f6 17. Qg4 Rf7 18. Qh3 Qe7 19. Rfe1 Nf8 20.
Qf3 Ng6 21. Kh1 a6 22. Bd3 Re8 23. a3 Qd7 24. Bf1 Nf8 25. Bd4 Rfe7 26. Bd3
Ng6 27. Be3 Qa4 28. Bd2 Qd4 29. Bc3 Qb6 30. e5 fxe5 31. fxe5 Bxe5 32. Bf5
Qf6 33. Qh3 Bxc3 34. Rxe7 Rxe7 35. Be6+ Kh8 36. Qxc3 Qf4 0-1

[Event "TCh-ESP"]
[Site "Lanzarote ESP"]
[Date "2003.05.11"]
[Round "6"]
[White "Fernandez Romero,Ern"]
[Black "Martin Gonzalez,An"]
[Result "1/2-1/2"]
[WhiteElo "2413"]
[BlackElo "2414"]
[EventDate "2003.05.06"]

1. e4 c5 2. Nf3 d6 3. d4 cxd4 4. Nxd4 Nf6 5. f3 Nc6 6. c4 Nxd4 7. Qxd4 g6
8. Nc3 Bg7 9. Bg5 Qa5 10. Qd2 Be6 11. Rc1 Rc8 12. b3 a6 13. Nd5 Qxd2+ 14.
Kxd2 Nxd5 15. exd5 Bd7 16. Bd3 e6 17. dxe6 fxe6 18. h4 Kf7 19. h5 gxh5 20.
Rxh5 Rc5 21. Rch1 h6 22. Be3 Rxh5 23. Rxh5 Bc6 24. Rh4 h5 25. Bg5 e5 26.
Ke3 Bf6 27. Bxf6 Kxf6 28. g3 Rg8 29. Kf2 Kg5 30. Be4 Rf8 31. Ke3 a5 32. Rh2
Rf6 33. a3 Rf7 34. Rd2 Rd7 35. b4 axb4 36. axb4 Kf6 37. Rh2 Rc7 38. Bd3 Be8
39. Rc2 b6 40. Be4 Bf7 41. Rd2 Ke7 42. Bd5 Bxd5 43. cxd5 Rc4 44. Rh2 Rxb4
45. Rxh5 Rd4 46. Rh7+ Kf6 47. Rh6+ Ke7 48. Rh7+ Kf6 49. Rh6+ Ke7 1/2-1/2

[Event "TCh-ESP"]
[Site "Lanzarote ESP"]
[Date "2003.05.11"]
[Round "6"]
[White "Granados Gomez,M"]
[Black "Arizmendi Martinez,J"]
[Result "0-1"]
[WhiteElo "2417"]
[BlackElo "2516"]
[EventDate "2003.05.06"]

1. c4 Nf6 2. Nc3 g6 3. e4 d6 4. h3 Bg7 5. g4 e5 6. Bg2 Nc6 7. Nge2 h5 8. g5
Nh7 9. h4 f6 10. gxf6 Bxf6 11. Nd5 O-O 12. Nxf6+ Qxf6 13. f3 Bg4 14. d3
Bxf3 15. Bxf3 Qxf3 16. Kd2 Nb4 17. Kc3 Nxd3 18. Qxd3 Qxh1 19. Bh6 Qxa1 20.
Nc1 Rf2 21. Bd2 Rxd2 22. Qxd2 Rf8 23. Qh6 Rf3+ 0-1

[Event "TCh-ESP"]
[Site "Lanzarote ESP"]
[Date "2003.05.11"]
[Round "6"]
[White "Lezcano Jaen,P"]
[Black "Fernandez Garcia,Jo"]
[Result "1/2-1/2"]
[WhiteElo "2404"]
[BlackElo "2452"]
[EventDate "2003.05.06"]

1. Nf3 g6 2. g3 Bg7 3. d4 Nf6 4. Bg2 d5 5. O-O c6 6. c4 dxc4 7. Ne5 Ng4 8.
Nxg4 Bxg4 9. h3 Be6 10. e3 Na6 11. Qe2 Nb4 12. Nd2 Nd3 13. b3 Nxc1 14.
Rfxc1 cxb3 15. Nxb3 Bxb3 16. axb3 O-O 17. Rc5 e6 18. h4 Bf6 19. h5 Be7 20.
Rca5 a6 21. Qc4 Qd6 22. Bf3 Rac8 23. Kg2 Rc7 24. Rc1 Rd8 25. Rc5 Qd7 26.
Ra5 Rdc8 27. Qe2 Bb4 28. Ra4 Bd6 29. Ra5 Qe7 30. hxg6 hxg6 31. Qd3 Qf6 32.
Qe4 Kg7 33. Rh1 Rd8 34. Qg4 e5 35. d5 c5 36. Be2 Rcc8 37. Raa1 Rh8 38. Qd7
Qe7 39. Qxe7 Bxe7 40. Rxh8 Kxh8 41. e4 Bd6 42. Kf3 Kg7 43. Ke3 Rh8 44. Bf3
Kf6 45. Rh1 Rxh1 46. Bxh1 Ke7 47. Bf3 Bb8 48. Kd3 Ba7 49. Bg4 Kd6 50. f3
Kc7 51. f4 f6 52. fxe5 fxe5 53. Be6 b5 54. Bf7 g5 55. g4 Bb8 56. Kc3 Ba7
57. Be8 Bb6 58. Bc6 Ba5+ 59. Kd3 Bb4 60. Be8 Ba3 61. Bc6 Bb2 62. Be8 Bd4
63. Bc6 Kb6 64. Bd7 a5 65. Be8 a4 66. bxa4 c4+ 67. Kd2 b4 68. Bb5 Kc5 69.
d6 c3+ 70. Kc2 Kxd6 71. Bc4 Bb6 72. Bb3 Kc5 73. Kd3 Ba5 74. Bd1 1/2-1/2

[Event "TCh-ESP"]
[Site "Lanzarote ESP"]
[Date "2003.05.11"]
[Round "6"]
[White "Bellon Lopez,JuM"]
[Black "Sokolov,I"]
[Result "1/2-1/2"]
[WhiteElo "2422"]
[BlackElo "2677"]
[EventDate "2003.05.06"]

1. d4 d5 2. c4 c6 3. Nf3 Nf6 4. Nc3 dxc4 5. a4 Bf5 6. Ne5 Nbd7 7. Nxc4 Qc7
8. g3 Rd8 9. Bf4 Qc8 10. Rc1 Nc5 11. b4 Ne6 12. Be5 Nd7 13. e4 Nxe5 14.
Nxe5 Rxd4 15. Qh5 g6 16. Qe2 Bh6 17. Rd1 Rxd1+ 18. Nxd1 Bg7 19. f4 Bxe5 20.
fxe5 Nd4 21. Qd3 Qd7 22. exf5 Qd5 23. Ne3 Qxh1 24. Qxd4 Qxh2 25. Qf4 Qb2
26. Bc4 Qxb4+ 27. Ke2 Qb2+ 28. Kf3 g5 29. Bxf7+ Kxf7 30. Qc4+ Ke8 31. Qe6
Kd8 32. f6 Qa3 33. Kg2 Qxe3 34. Qxe7+ Kc8 35. Qe6+ Kc7 36. Qd6+ Kb6 37. e6
Qe2+ 38. Kg1 Qe3+ 39. Kg2 Qc5 40. a5+ Kb5 41. Qd3+ Kxa5 42. e7 Qe5 43. Qd8+
b6 44. Qxh8 Qe2+ 45. Kg1 Qe1+ 1/2-1/2

[Event "TCh-ESP"]
[Site "Lanzarote ESP"]
[Date "2003.05.11"]
[Round "6"]
[White "Baron Rodriguez,Je"]
[Black "Franco Ocampos,Z"]
[Result "0-1"]
[WhiteElo "2418"]
[BlackElo "2523"]
[EventDate "2003.05.06"]

1. e4 d6 2. d4 Nf6 3. Nc3 g6 4. f4 Bg7 5. Nf3 O-O 6. Bd3 Nc6 7. e5 dxe5 8.
dxe5 Nd5 9. O-O Ndb4 10. Be4 f5 11. Bd5+ Nxd5 12. Qxd5+ e6 13. Qc4 Bd7 14.
Be3 h6 15. Rad1 Rf7 16. Rf2 a6 17. Rfd2 Qe8 18. Ne2 Rc8 19. Nc1 Nb8 20. Nd4
Bf8 21. b4 c5 22. bxc5 Bxc5 23. Ncb3 Bf8 24. Qe2 Rc3 25. Qf2 Rc7 26. Rd3
Be7 27. Qd2 Qc8 28. Bf2 Kh7 29. Qe1 Nc6 30. Nxc6 Bxc6 31. Bb6 Rd7 32. Qc3
Rxd3 33. Rxd3 Qe8 34. Nc5 Bd5 35. Nb3 Qa4 36. Rd4 Qxa2 37. Qc7 Qb1+ 38. Kf2
Bh4+ 0-1

[Event "TCh-ESP"]
[Site "Lanzarote ESP"]
[Date "2003.05.11"]
[Round "6"]
[White "Reinaldo Castineira,R"]
[Black "De la Rocha,R"]
[Result "1-0"]
[WhiteElo "2405"]
[BlackElo "2335"]
[EventDate "2003.05.06"]

1. e4 d6 2. Nc3 Nf6 3. f4 g6 4. Nf3 Bg7 5. d4 c5 6. d5 O-O 7. Bd3 e6 8.
dxe6 Bxe6 9. f5 Bd7 10. O-O Bc6 11. Bf4 Re8 12. fxg6 hxg6 13. Ng5 d5 14. e5
c4 15. exf6 Bxf6 16. Nxf7 Kxf7 17. Bxg6+ Kxg6 18. Qg4+ Kh7 19. Bg5 Nd7 20.
Rf3 Bxg5 21. Qh5+ Kg8 22. Qg6+ Kh8 23. Rf7 1-0

[Event "TCh-ESP"]
[Site "Lanzarote ESP"]
[Date "2003.05.11"]
[Round "6"]
[White "Moreno Carnero,J"]
[Black "Mullor Gomez,L"]
[Result "1-0"]
[WhiteElo "2504"]
[BlackElo "2348"]
[EventDate "2003.05.06"]

1. e4 c5 2. Nf3 Nc6 3. Nc3 g6 4. d4 cxd4 5. Nxd4 Bg7 6. Be3 Nf6 7. Bc4 O-O
8. Bb3 d6 9. f3 Bd7 10. Qd2 Rc8 11. O-O-O Ne5 12. Kb1 Nc4 13. Bxc4 Rxc4 14.
g4 Qc7 15. g5 Nh5 16. Nd5 Qd8 17. Ne2 Be6 18. Bxa7 Bxd5 19. Qxd5 Qc7 20. c3
Rc8 21. Be3 b5 22. Rc1 Qd7 23. h4 e6 24. Qd3 d5 25. exd5 exd5 26. b3 Qb7
27. Bd4 Bxd4 28. Nxd4 R4c5 29. Rhe1 Nf4 30. Qd2 Qb8 31. Kb2 Kg7 32. a3 Kf8
33. Rc2 Rd8 34. Rcc1 Rdc8 35. Re3 Nh5 36. Qe1 Nf4 37. Rc2 Kg8 38. Rd2 Kf8
39. Qd1 Qb7 40. Ne2 Ng2 41. Red3 Qe7 42. Qg1 Nxh4 43. Qd4 Qxg5 44. f4 Qf5
45. Ng3 Qg4 46. Qh8+ Ke7 47. Re3+ Kd7 48. Qf6 1-0

[Event "TCh-ESP"]
[Site "Lanzarote ESP"]
[Date "2003.05.11"]
[Round "6"]
[White "Sanz Alonso,F"]
[Black "Garcia Padron,Jo"]
[Result "0-1"]
[WhiteElo "2406"]
[BlackElo "2421"]
[EventDate "2003.05.06"]

1. e4 c6 2. d4 d5 3. f3 e6 4. Be3 dxe4 5. Nd2 exf3 6. Ngxf3 Nf6 7. Nc4 Nbd7
8. Bd3 c5 9. O-O cxd4 10. Bxd4 Bc5 11. c3 O-O 12. Qe1 b6 13. Qh4 Bb7 14.
Rae1 h6 15. g4 e5 16. Bxc5 Nxc5 17. Bc2 e4 18. Nd4 Nd3 19. Re2 Rc8 20. Ne3
Ne5 21. Rg2 Nf3+ 22. Nxf3 exf3 23. Rgf2 Re8 24. Nf5 Re2 25. h3 Rxf2 26.
Qxf2 Rc7 27. Rd1 Rd7 28. Rxd7 Qxd7 29. Qd4 Qe8 30. Qe3 Qb8 31. Qd4 g6 32.
Qd6 Qe8 33. Ne7+ Kg7 34. Qc7 Qb5 35. Bxg6 Qe2 36. Nf5+ Kxg6 37. Nh4+ Kg5
0-1

[Event "TCh-ESP"]
[Site "Lanzarote ESP"]
[Date "2003.05.11"]
[Round "6"]
[White "Llobel Cortell,E"]
[Black "Jerez Perez,A"]
[Result "0-1"]
[WhiteElo "2389"]
[BlackElo "2415"]
[EventDate "2003.05.06"]

1. Nf3 Nf6 2. c4 g6 3. g3 Bg7 4. Bg2 O-O 5. O-O d6 6. d4 Nc6 7. Nc3 a6 8.
Re1 Rb8 9. Rb1 b5 10. cxb5 axb5 11. b4 e5 12. d5 Ne7 13. e4 Bd7 14. Qd3 h6
15. Rd1 Nh5 16. Nd2 f5 17. f3 f4 18. g4 Nf6 19. Nb3 Nh7 20. Bd2 h5 21. h3
Bf6 22. Be1 Kg7 23. Na5 hxg4 24. hxg4 Rh8 25. Rb2 Ng5 26. Rdd2 Qc8 27. Qe2
Rh6 28. Qd1 Qh8 29. Rf2 Rh2 30. Kf1 Rxg2 31. Rxg2 Qh1+ 32. Rg1 Qh3+ 33.
Rgg2 Nxf3 34. Rbf2 Bxg4 35. Ne2 Nh4 36. Kg1 Nxg2 37. Rxg2 Rh8 38. Qb3 Qh1+
0-1

[Event "TCh-ESP"]
[Site "Lanzarote ESP"]
[Date "2003.05.11"]
[Round "6"]
[White "Estremera Panos,S"]
[Black "Barrero Garcia,C"]
[Result "1-0"]
[WhiteElo "2370"]
[BlackElo "2327"]
[EventDate "2003.05.06"]

1. Nf3 g6 2. c4 Bg7 3. e4 e5 4. d4 exd4 5. Nxd4 Nc6 6. Be3 Nge7 7. Nc3 O-O
8. Be2 f5 9. exf5 Bxd4 10. Bxd4 Nxf5 11. Bc5 d6 12. Ba3 Be6 13. O-O Ncd4
14. b3 c5 15. Bb2 Qg5 16. Ne4 Qe7 17. Ng3 Bd7 18. Bd3 Bc6 19. Bxf5 Nxf5 20.
Qd2 Rae8 21. Nxf5 gxf5 22. Rae1 Qf7 23. Qxd6 Qg6 24. Qxg6+ hxg6 25. f3 Kf7
26. Kf2 a6 27. Be5 Re6 28. Bc7 Bd7 29. Rd1 Ke7 30. Rfe1 Rc8 31. Bd6+ Ke8
32. Rd5 b6 33. Re3 Rc6 34. Be5 Bc8 35. Red3 Re7 36. Rd8+ Kf7 37. f4 Re8 38.
R8d5 Be6 39. Rd6 Rec8 40. a4 a5 41. Rxc6 Rxc6 42. Rd6 1-0

[Event "TCh-ESP"]
[Site "Lanzarote ESP"]
[Date "2003.05.12"]
[Round "7"]
[White "Korneev,O"]
[Black "Marin,M"]
[Result "0-1"]
[WhiteElo "2606"]
[BlackElo "2568"]
[EventDate "2003.05.06"]

1. e4 d6 2. d4 Nf6 3. Nc3 g6 4. f4 Bg7 5. Nf3 O-O 6. Bd3 Na6 7. O-O c5 8.
d5 Bg4 9. Kh1 e6 10. dxe6 fxe6 11. f5 Nb4 12. h3 Bxf3 13. Rxf3 Nd7 14. fxe6
Ne5 15. Nd5 Rxf3 16. gxf3 Nexd3 17. cxd3 Nxd5 18. exd5 Qh4 19. Kg2 Qh5 20.
Bf4 Qxd5 21. Qb3 Qxb3 22. axb3 Bxb2 23. Ra2 Be5 24. Bxe5 dxe5 25. Re2 Kf8
26. Rxe5 b6 27. Rd5 Re8 28. Rd6 Re7 29. Rc6 Kg7 30. b4 cxb4 31. d4 b3 32.
Rc3 b2 33. Rb3 Rxe6 34. Kf2 Kf6 35. Rxb2 Re7 36. Rb5 Kf7 37. h4 Re6 38. h5
a6 39. Rd5 Ke7 40. hxg6 hxg6 41. Rg5 Kf6 42. Rd5 b5 43. Rd8 b4 44. Rf8+ Ke7
45. Rb8 a5 46. Ra8 Rb6 47. Rxa5 b3 48. Ra1 b2 49. Rb1 Ke6 50. Ke3 Kd5 51.
Kd3 g5 52. Kc3 Rb8 53. Kd3 Rb7 54. Kc3 Rb6 55. Kd3 Rb4 56. Kc3 Rc4+ 57. Kb3
Rc8 58. Ka2 Rb8 0-1

[Event "TCh-ESP"]
[Site "Lanzarote ESP"]
[Date "2003.05.12"]
[Round "7"]
[White "Graf,A"]
[Black "Kolev,At"]
[Result "1-0"]
[WhiteElo "2630"]
[BlackElo "2556"]
[EventDate "2003.05.06"]

1. d4 Nf6 2. c4 e6 3. Nf3 d5 4. Nc3 dxc4 5. e4 Bb4 6. Bg5 c5 7. Bxc4 cxd4
8. Nxd4 Bxc3+ 9. bxc3 Qa5 10. Nb5 Nxe4 11. Qd4 O-O 12. Qxe4 a6 13. Be7 axb5
14. Bb4 Qc7 15. Bxb5 Rd8 16. O-O Bd7 17. Rfd1 Bc6 18. Qe5 Qc8 19. Bd3 Ba4
20. Rd2 Bc2 21. Bd6 Nc6 22. Qe4 f5 23. Qe2 Bxd3 24. Rxd3 e5 25. Rad1 Qe6
26. R3d2 Ra4 27. h3 h6 28. a3 Rc4 29. Bb4 Rxd2 30. Qxd2 Nxb4 31. axb4 Kh7
32. Qd5 Qc8 33. Qxe5 Rxc3 34. Rd5 Rc4 35. b5 f4 36. Qe7 f3 37. Rd7 Qg8 38.
gxf3 b6 39. Rd8 Rc1+ 40. Kg2 Qc4 41. Qe4+ Qxe4 42. fxe4 Rb1 43. Rd5 Rb3 44.
h4 Kg8 45. Rf5 Kh7 46. f3 Kg8 47. h5 Rb2+ 48. Kg3 Rb1 49. Kf4 Rb3 50. Kg4
Rb1 51. Rd5 Kf7 52. Kf5 Ke7 53. f4 Rh1 54. Kg6 Rg1+ 55. Kh7 Rg4 56. f5 Rg5
57. Re5+ Kf7 58. Re6 Rxh5 59. Rxb6 Rh4 60. e5 Rf4 61. f6 1-0

[Event "TCh-ESP"]
[Site "Lanzarote ESP"]
[Date "2003.05.12"]
[Round "7"]
[White "Hector,J"]
[Black "Giorgadze,G"]
[Result "0-1"]
[WhiteElo "2553"]
[BlackElo "2593"]
[EventDate "2003.05.06"]

1. e4 e5 2. Nf3 Nc6 3. Nc3 Nf6 4. g3 d6 5. h3 g6 6. d4 exd4 7. Nxd4 Nxd4 8.
Qxd4 Bg7 9. Be3 O-O 10. Qd2 Bd7 11. Bg2 Bc6 12. O-O-O Re8 13. Bg5 h6 14.
Bxh6 Nxe4 15. Nxe4 Bxh6 16. Qxh6 Bxe4 17. f3 Bc6 18. h4 Qe7 19. h5 Qe3+ 20.
Qxe3 Rxe3 21. hxg6 fxg6 22. Rh6 Kg7 23. Rdh1 Rae8 24. Rh7+ Kf6 25. Rd1 Re2
26. Rd2 Re1+ 27. Rd1 R8e2 28. Rxe1 Rxe1+ 29. Kd2 Rg1 30. Rh2 g5 31. Ke2 g4
32. Ke3 Re1+ 33. Kd2 Rg1 34. Ke3 gxf3 35. Bh3 Re1+ 36. Kd2 Rg1 37. Ke3 Rxg3
38. Bf1 Rg7 39. Bd3 Re7+ 40. Kf2 Rg7 41. Rh8 b5 42. b4 a6 43. a3 Re7 44.
Rf8+ Ke6 45. Rh8 Bd5 46. Rh5 c6 47. Rh8 Ke5 48. Ke3 Kf6+ 49. Kf2 a5 50.
bxa5 Ra7 51. a4 Rxa5 52. axb5 cxb5 53. Rb8 Ke5 54. Ke3 Bc4 55. Re8+ Kd5 56.
Be4+ Kc5 57. c3 Ra3 58. Rc8+ Kb6 59. Rc6+ Ka5 60. Rxd6 Rxc3+ 61. Kd4 Kb4
62. Rf6 Be2 63. Rf5 Kb3 64. Rf8 b4 65. Bd5+ Kc2 66. Be4+ Kd2 67. Bd5 b3 68.
Rf6 b2 69. Rb6 Rd3+ 70. Ke4 Rxd5 71. Rxb2+ Ke1 72. Kxd5 f2 0-1